000 00486nam a2200121Ia 4500
008 220620s9999||||xx |||||||||||||| ||und||
100 _aDaniel McFadden||Kenneth Train
245 0 _aContingent Valuation of Environmental Goods: A Comprehensive Critique
546 _aEnglish[eng]
650 _aEconomics and Finance||Valuation||Environmental Economics||Environment
856 _uhttps://www.elgaronline.com/view/edcoll/9781786434685/9781786434685.xml?rskey=pj2rdq&result=2
942 _cEB
999 _c28255
_d28255